000 01181cam a22002054a 4500
005 20250605164240.0
008 250528s ||||||||||||||||||||||||d
035 _a21313
020 _a9789609607629
040 _aGR-AtMCL
_bgre
_dGR-AtMCL
_eAACR2
245 1 _aStewarding Department / Τι Πρέπει να Γνωρίζει ένας Chief Steward
250 _a
260 _bΟσελότος,
_c2012
300 _a164
520 _aΤο βιβλίο έχει σκοπό να βοηθήσει να καταλάβει κάθε ενδιαφερόμενος τον τρόπο λειτουργίας του τμήματος Stewarding στα ξενοδοχεία. Εισαγωγή, Ενδυμασία, Job Description, Τι Λέει ο Ενιαίος Φορέας Ελέγχου Τροφίμων (ΕΦΕΤ), Τι Λέει μια Μεγάλη Εταιρεία Απορρυπαντικών, Υλικά Καθαρισμού, Καθαριότητα, Λειτουργικά Θέματα, Εξοπλισμός, Πλυντήρια, Επίλογος, Σημειώσεις.
700 1 _aΚαλατζής Τάσος
_97365
942 _cBK
999 _c6378
_d6378